Culture Générale - Série 693 - Statistiques

Statistiques générales
  • Ce quiz a été pris 150 fois
  • Le résultat moyen est 7 sur 10
Statistiques - réponses
Question Réponse % Correct
Quelle couleur de peau ont en commun Hulk, Shrek et Yoda ? vert
99%
Quel fruit, pouvant être plantain, pousse en régime ? banane
96%
Avant de coudre un bouton avec du fil et une aiguille, quel petit objet de protection placez-vous au bout de votre doigt ?
96%
Quelle organisation écologiste, dont le nom signifie "paix verte", a été fondée à Vancouver en 1971 ? Greenpeace
89%
Quelle mer a été baptisée "la grande bleue" ? Méditerranée
84%
Quelle est la race de Rintintin, le chien héros de série ? berger allemand
62%
Quelle actrice française, également choisie pour être l'effigie de Marianne en 2001, apparaît dans le clip de la chanson "Te amo" de Rihanna ? Laetitia Casta
55%
Quel roi de la mythologie grecque donne son nom au supplice par lequel on est proche de l'objet de ses désirs, sans pouvoir l'atteindre ? Tantale
55%
En 1984, quel était le titre français du film : "Ghostbuster" ? S.O.S. Fantômes
46%
Quel écrivain romantique est l'auteur de la pièce "Lorenzaccio" ? Alfred de Musset
45%
Aucun quiz correspondant
Distribution des résultats
% des personnes avec chaque résultat
Percentile par nombre de réponses
Votre historique - résultats
Vous n’avez pas pris ce quiz